00957nam a22002057a 450000500170000000800410001702000330005802000310009105000200012224501950014224600370033725000340037426000810040830000310048960000800052065000450060070000430064570000300068870000330071820190329110749.0190329b sp ||||| |||| 00| 0 spa d a9786077515630 (editorial RM) a 9788492480913 (RM verlag)04aTR659bC54 201300a100 fotografías de Juan Rulfo c/ Clara Aparicio de Rulfo textos y fotografías de Juan Rulfo ; coordinación editorial Isabel Garcés ; traducción del texto Daniel de Luigi [y otros]30aCien fotografías de Juan Rulfo a1a ed. primera reimpresión. aMéxico, D.F. :bEditorial RM ;aBarcelona, España : bRM Verlag, c2013. a139 p. : bil. ; c30 cm. 1 aRulfo, Juan,d1917-1986. qJuan Nepomuceno Carlos Pérez Rulfo Vizcaíno, 72lembaFotografía artísticazMéxico1 aparicio de Rulfo, Clara, ecompiladora1 aGarcés, Isabel,eeditor1 aLuigi, Daniel de,etraductor